000
00318nam a22001457a 4500
003
SGT
020
_a
978-0-367-49843-6
082
_a
808.06
_b
MAN
100
_a
MANLEY,CLAUDIA
245
_a
FASHION WRITING A PRIMER
260
_a
USA
_b
ROUTLEDGE
_c
2023
300
_a
172
650
_a
FASHION WRITING
942
_2
ddc
_c
BK
999
_c
25812
_d
25812